Vědeckotechnický rozvoj v intenzifikaci československé ekonomiky

Guardado en:
Detalles Bibliográficos
Autor principal: Šlancarová, Helena
Otros Autores: Klimešová, Milada
Formato: Libro
Lenguaje:checo
Publicado: Praha Inst. říz. 1987
Edición:1. vyd.
Colección:Výsledky výzkumu IŘ 75
Etiquetas: Agregar Etiqueta
Sin Etiquetas, Sea el primero en etiquetar este registro!

MARC

LEADER 00000nam a2200000 4500
001 c022866
005 20221219103632.2
041 0 |a cze 
044 |a CZ 
245 1 0 |a Vědeckotechnický rozvoj v intenzifikaci československé ekonomiky  |c Helena Šlancarová, Milada Klimešová 
250 |a 1. vyd. 
264 1 |a Praha  |b Inst. říz.  |c 1987 
300 |a 64 s. 
490 1 |a Výsledky výzkumu IŘ  |v 75 
830 0 |a Výsledky výzkumu IŘ  |v 75 
100 1 |a Šlancarová, Helena 
700 1 |a Klimešová, Milada